The German Universities (Record no. 161560)

MARC details
000 -LEADER
campo de control de longitud fija 00790nam a2200181 i 4500
001 - NÚMERO DE CONTROL
campo de control 161560
003 - IDENTIFICADOR DE NÚMERO DE CONTROL
campo de control ES-MaACL
005 - FECHA Y HORA DE LA ÚLTIMA TRANSACCIÓN
campo de control 20230906212319.0
008 - DATOS DE LONGITUD FIJA--INFORMACIÓN GENERAL
campo de control de longitud fija 041020s1895 xxu |||| | eng d
040 ## - FUENTE DE CATALOGACIÓN
Centro catalogador/agencia de origen CAM
Lengua de catalogación spa
Centro/agencia transcriptor CAM
100 1# - ENTRADA PRINCIPAL--NOMBRE DE PERSONA
Nombre de persona Paulsen, Friedrich.
9 (RLIN) 89662
245 14 - MENCIÓN DEL TÍTULO
Título The German Universities
Resto del título : their character and historical development /
Mención de responsabilidad, etc. by Friedrich Paulsen; authorized translation by Edward Delavan Perry; with an introduction by Nicholas Murray Butler.
260 ## - PUBLICACIÓN, DISTRIBUCIÓN, ETC.
Lugar de publicación, distribución, etc. New York ;
-- and London :
Nombre del editor, distribuidor, etc. Macmillan and co.,
Fecha de publicación, distribución, etc. 1895 (
Lugar de fabricación/manufactura Norwood :
Fabricante Norwood Press, J.S. Cushing & col, Berwick & Smith)
300 ## - DESCRIPCIÓN FÍSICA
Extensión 254 p. ;
Dimensiones 20 cm.
650 #4 - PUNTO DE ACCESO ADICIONAL DE MATERIA--TÉRMINO DE MATERIA
Término de materia o nombre geográfico como elemento de entrada Universidades-
Subdivisión geográfica Alemania-
Subdivisión de forma Historia.
9 (RLIN) 159220
700 1# - ENTRADA AGREGADA--NOMBRE PERSONAL
Nombre de persona Perry, Edward Delavan.
9 (RLIN) 131053
852 ## - LOCALIZACIÓN
Ubicación ES-MaACL
Número de control de estantería G-8757
Nota libre -- Enc. tela
Holdings
Estatus retirado Estado de pérdida Estado de daño No para préstamo Colección Biblioteca de origen Biblioteca actual Ubicación en estantería Fecha de adquisición Fuente de adquisición Total de préstamos Signatura topográfica completa Código de barras Visto por última vez Precio de reemplazo Tipo de ítem Koha
        Libros del s. XIX Biblioteca del Ateneo de Madrid Biblioteca del Ateneo de Madrid Sala Pecera Planta 3 17/01/2008     G-8757 1169231 23/02/2023 23/02/2023 Libro impreso antiguo